Statistics for Best Canadian Prime Ministers

Click here to take the quiz!

General Stats

  • This quiz has been taken 10 times
  • The average score is 11 of 23

Answer Stats

RankPartyPrime Minister% Correct
10LiberalJustin Trudeau
100%
4LiberalPierre Elliott Trudeau
100%
11ConservativeStephen Harper
100%
7LiberalJean Chretien
80%
3ConservativeSir John A. Macdonald
80%
12Progressive ConservativeJohn George Diefenbaker
60%
1LiberalWilliam Lyon Mackenzie King
60%
13LiberalAlexander Mackenzie
50%
23Progressive ConservativeKim Campbell
50%
16LiberalPaul Martin
50%
9Progressive ConservativeBrian Mulroney
40%
18Progressive ConservativeCharles Joseph Clark
40%
5LiberalLester B. Pearson
40%
21LiberalJohn Napier Turner
30%
14ConservativeR. B. Bennett
30%
2LiberalSir Wilfrid Laurier
30%
17ConservativeArthur Meighen
20%
6LiberalLouis St. Laurent
20%
19ConservativeSir Charles Tupper
20%
22ConservativeSir Mackenzie Bowell
20%
20ConservativeSir John Abbott
10%
15ConservativeSir John Thompson
10%
8ConservativeSir Robert Borden
10%

Score Distribution

Percentile by Number Answered

Percent of People with Each Score

Your Score History

You have not taken this quiz